| 000 | 00403nam a2200157Ia 4500 | ||
|---|---|---|---|
| 008 | 210210b1981 xxu||||| |||| 00| 0 eng d | ||
| 020 | _a0 85079 118 9 | ||
| 082 | _a796.342 BORM | ||
| 100 | _aBORG (Bjorn). | ||
| 245 | _aMy guide to better tennis. | ||
| 260 |
_aLondon. _bExpress Newspaper Ltd., _c1981 |
||
| 300 | _a92 | ||
| 650 | _aTennis | ||
| 690 | _aAthletic & Outdoor Sports | ||
| 906 | _a039792 | ||
| 999 |
_c90061 _d90061 |
||